Dinámicas y conflictos territoriales : relaciones urbano-rurales, desarrollo, desigualdades y segregación en ciudades intermedias y pequeñas /

Detalles Bibliográficos
Otros Autores: Muñoz Arroyave, Elkin Argiro (Editor), López Martínez, Alexandra (Editor), Espinosa Rico, Miguel Antonio (Editor)
Formato: Electrónico eBook
Lenguaje:español
Publicado: Medellín, Colombia: Sello Editorial Tecnológico de Antioquia, [2020]
Edición:Primera edición.
Materias:
Acceso en línea:Digitalia Hispánica

MARC

LEADER 00000nam a2200000 i 4500
001 DIGTECANT0009
003 NyNyDIG
007 cr |||||||||||
008 241119s2020 ck abo ob 000 0 spa d
006 m o d
035 |a (OCoLC)1473345930 
040 |a DGITA  |b eng  |e rda  |e pn  |c DGITA 
020 |a 9789585239784  |q digital 
020 |z 9789588628554  |q impreso 
043 |a s-ck--- 
050 1 4 |a HT169.C7 ebook 
245 0 0 |a Dinámicas y conflictos territoriales :  |b relaciones urbano-rurales, desarrollo, desigualdades y segregación en ciudades intermedias y pequeñas /  |c compiladores, Elkin Argiro Muñoz Arroyave, Alexandra López Martínez, Miguel Antonio Espinosa Rico. 
250 |a Primera edición. 
264 1 |a Medellín, Colombia:  |b Sello Editorial Tecnológico de Antioquia,  |c [2020] 
300 |a 1 online resource :  |b illustrations, maps, photographs. 
336 |a text  |b txt  |2 rdacontent 
337 |a computer  |b c  |2 rdamedia 
338 |a online resource  |b cr  |2 rdacarrier 
347 |a text file  |2 rdaft 
347 |b PDF 
504 |a Includes bibliographical references. 
588 0 |a Online resource; title from PDF title page (Digitalia, viewed November 19, 2024) 
650 0 |a City planning  |z Colombia. 
650 0 |a Urban renewal  |z Colombia. 
700 1 |a Muñoz Arroyave, Elkin Argiro,  |e editor. 
700 1 |a López Martínez, Alexandra,  |e editor. 
700 1 |a Espinosa Rico, Miguel Antonio,  |e editor. 
791 2 |a Digitalia (Firm),  |e distributor. 
793 0 |g Digitalia eBook Collection:  |a Tecnológico de Antioquia 
776 0 8 |i Print version:  |t Dinámicas y conflictos territoriales.  |b Primera edición.  |d Medellín, Colombia: Sello Editorial Tecnológico de Antioquia, [2020]  |z 9789588628554 
856 4 0 |3 Digitalia Hispánica  |u https://www.digitaliapublishing.com/a/159130/ 
910 |a Premium collection: 2024